| 000 | 00573nam a22001817a 4500 | ||
|---|---|---|---|
| 999 |
_c169577 _d169577 |
||
| 005 | 20191125153716.0 | ||
| 010 | _aENG-127007 | ||
| 020 |
_a8185883602 _c150.00 |
||
| 035 | _aEN-110539 | ||
| 037 | _bDBAD/PUB | ||
| 082 | _a181.45 | ||
| 100 | _aJyotirmayananda, Swami | ||
| 245 |
_aIntegral yoga : _cby Swami Jyotirmayananda _ba primer course / |
||
| 260 |
_aUttar Pradesh _c2018 _bInternational yoga society |
||
| 270 |
_aLal Bagh, loni, _bGhaziabad _e201102 _k0120-2600237 _miys@vsnl.com |
||
| 300 |
_a119p. _c20cm(pbk) |
||
| 942 |
_2ddc _cEN _h181.432 _mJYO |
||